书目信息 |
| 题名: |
软件工程与项目管理
|
|
| 作者: | 刘竹林 , 白振林 , 卢润彩 编 | |
| 分册: | ||
| 出版信息: | 北京 北京师范大学出版社 2005.09 |
|
| 页数: | 310页 | |
| 开本: | 26cm | |
| 丛书名: | ||
| 单 册: | ||
| 中图分类: | TP311.5 | |
| 科图分类: | ||
| 主题词: | 软件工程--ruan jian gong cheng--高等学校--教材 , 软件开发--ruan jian kai fa--项目管理--高等学校--教材 | |
| 电子资源: | ||
| ISBN: | 7-303-07662-X | |
| 000 | 01054nam0 2200277 450 | |
| 001 | 012006029859 | |
| 005 | 20060905094114.78 | |
| 010 | @a7-303-07662-X@dCNY28.00 | |
| 100 | @a20060610d2005 km y0chiy0120 ea | |
| 101 | 0 | @achi |
| 102 | @aCN@b110000 | |
| 105 | @aa z 000yy | |
| 200 | 1 | @a软件工程与项目管理@Aruan jian gong cheng yu xiang mu guan li@f刘竹林, 白振林, 卢润彩编@Fliu zhu lin,bai zhen lin,lu run cai bian |
| 210 | @a北京@c北京师范大学出版社@d2005.09 | |
| 215 | @a310页@c图@d26cm | |
| 300 | @a21世纪高职高专系列规划教材 | |
| 300 | @a教育部职业教育与成人教育司推荐教材 | |
| 330 | @a本书介绍了软件工程和项目管理的概念、项目启动管理、软件需求分析管理、概要设计、详细设计、软件编程、软件项目评审等。 | |
| 606 | 0 | @a软件工程@Aruan jian gong cheng@x高等学校@j教材 |
| 606 | 0 | @a软件开发@Aruan jian kai fa@x项目管理@x高等学校@j教材 |
| 690 | @aTP311.5@v4 | |
| 701 | 0 | @a刘竹林@Aliu zhu lin@4编 |
| 701 | 0 | @a白振林@Abai zhen lin@4编 |
| 701 | 0 | @a卢润彩@Alu run cai@4编 |
| 801 | 0 | @aCN@bQSSK@c20060905 |
| 905 | @a10447@dTP311.5@eL733 | |
| 软件工程与项目管理/刘竹林, 白振林, 卢润彩编.-北京:北京师范大学出版社,2005.09 |
| 310页:图;26cm |
| 21世纪高职高专系列规划教材.-教育部职业教育与成人教育司推荐教材 |
| ISBN 7-303-07662-X:CNY28.00 |
| 本书介绍了软件工程和项目管理的概念、项目启动管理、软件需求分析管理、概要设计、详细设计、软件编程、软件项目评审等。 |
| ● |
| 相关链接 |
|
|
|
正题名:软件工程与项目管理
索取号:TP311.5/L733
 
预约/预借
| 序号 | 登录号 | 条形码 | 馆藏地/架位号 | 状态 | 备注 |
| 1 | 584773 | 205847734 | 自科二线504/504自科库 31排4列4层/ [索取号:TP311.5/L733] | 在馆 | |
| 2 | 584774 | 205847743 | 期刊室512/301自科库 42排3列5层/ [索取号:TP311.5/L733] | 在馆 | |
| 3 | 584775 | 205847752 | 期刊室512/301自科库 42排3列5层/ [索取号:TP311.5/L733] | 在馆 |